Japan in crisis (Record no. 1076850)
[ view plain ]
| 000 -LEADER | |
|---|---|
| fixed length control field | 00853nam a2200301Ia 4500 |
| 003 - CONTROL NUMBER IDENTIFIER | |
| control field | OSt |
| 005 - DATE AND TIME OF LATEST TRANSACTION | |
| control field | 20221006143347.0 |
| 008 - FIXED-LENGTH DATA ELEMENTS--GENERAL INFORMATION | |
| fixed length control field | 221006b |||||||| |||| 00| 0 eng d |
| 020 ## - INTERNATIONAL STANDARD BOOK NUMBER | |
| International Standard Book Number | 0939512971 |
| 020 ## - INTERNATIONAL STANDARD BOOK NUMBER | |
| International Standard Book Number | 9780939512973 |
| 037 ## - SOURCE OF ACQUISITION | |
| Terms of availability | Textual |
| 040 ## - CATALOGING SOURCE | |
| Original cataloging agency | EASL |
| Transcribing agency | EASL |
| Language of cataloging | eng |
| 041 ## - LANGUAGE CODE | |
| Source of code | eng |
| Language code of text/sound track or separate title | eng |
| 100 ## - MAIN ENTRY--PERSONAL NAME | |
| Personal name | SILBERMAN Bernard S Ed. |
| 9 (RLIN) | 152119 |
| 245 #0 - TITLE STATEMENT | |
| Title | Japan in crisis |
| Remainder of title | Essays on taisho democracy |
| 260 ## - PUBLICATION, DISTRIBUTION, ETC. | |
| Place of publication, distribution, etc. | Princeton |
| Name of publisher, distributor, etc. | Princeton University Press |
| Date of publication, distribution, etc. | 1974 |
| 300 ## - PHYSICAL DESCRIPTION | |
| Extent | 470p. |
| Dimensions | cm. |
| 490 ## - SERIES STATEMENT | |
| Volume/sequential designation | JEL |
| 650 ## - SUBJECT ADDED ENTRY--TOPICAL TERM | |
| Topical term or geographic name entry element | JEL |
| 650 ## - SUBJECT ADDED ENTRY--TOPICAL TERM | |
| Topical term or geographic name entry element | Taisho Democracy |
| 700 ## - ADDED ENTRY--PERSONAL NAME | |
| Personal name | HAROOTUNIAN H D Ed. |
| 9 (RLIN) | 643502 |
| 942 ## - ADDED ENTRY ELEMENTS (KOHA) | |
| Classification part | W.42.N45, L4 |
| Koha item type | Textual |
| Source of classification or shelving scheme | Colon Classification (CC) |
| Withdrawn status | Lost status | Source of classification or shelving scheme | Damaged status | Not for loan | Home library | Current library | Date acquired | Serial Enumeration / chronology | Total Checkouts | Full call number | Barcode | Date last seen | Price effective from | Koha item type |
|---|---|---|---|---|---|---|---|---|---|---|---|---|---|---|
| Colon Classification (CC) | Department of East Asian Studies Library | Department of East Asian Studies Library | 2022-10-06 | JEL | W.42.N45 L4 | EA0521332 | 2022-10-06 | 2022-10-06 | Textual |
